[Event "Olomouc Chess Summer 2018 - GM"]
[Site "Olomouc (CZE)"]
[Date "2018.08.16"]
[Round "7.3"]
[White "Simacek, Pavel"]
[Black "Neuman, Petr"]
[Result "1/2-1/2"]
[WhiteElo "2505"]
[BlackElo "2446"]
[PlyCount "35"]
[EventDate "2018.??.??"]

1. e4 e5 2. Nf3 Nc6 3. Bc4 Bc5 4. c3 Nf6 5. d4 exd4 6. cxd4 Bb4+ 7. Nbd2 d5 8.
exd5 Nxd5 9. O-O O-O 10. a3 Be7 11. Ne4 Bg4 12. Be3 Be6 13. Bb5 Na5 14. Bd2 c6
15. Bd3 Nf6 16. Qc2 Nb3 17. Rad1 Nxd2 18. Rxd2 1/2-1/2

[Event "Olomouc Chess Summer 2018 - GM"]
[Site "Olomouc (CZE)"]
[Date "2018.08.16"]
[Round "7.4"]
[White "Petr, Martin"]
[Black "Cernousek, Lukas"]
[Result "1/2-1/2"]
[WhiteElo "2435"]
[BlackElo "2428"]
[PlyCount "24"]
[EventDate "2018.??.??"]

1. e4 e5 2. Bc4 Nf6 3. Nc3 Nxe4 4. Qh5 Nd6 5. Bb3 Be7 6. Nf3 Nc6 7. Nxe5 g6 8.
Nxc6 dxc6 9. Qf3 O-O 10. d3 Nf5 11. O-O Nd4 12. Qd1 Re8 1/2-1/2

[Event "Olomouc Chess Summer 2018 - GM"]
[Site "Olomouc (CZE)"]
[Date "2018.08.16"]
[Round "7.5"]
[White "Brhel, Jan"]
[Black "Biolek-Jun., Richard"]
[Result "0-1"]
[WhiteElo "2092"]
[BlackElo "2458"]
[PlyCount "58"]
[EventDate "2018.??.??"]

1. d4 Nf6 2. c4 g6 3. Nc3 d5 4. Nf3 Bg7 5. h4 c6 6. cxd5 cxd5 7. Bg5 Ne4 8. Qb3
Nxc3 9. bxc3 Nc6 10. e3 O-O 11. Qa3 Bg4 12. Bb5 Bxf3 13. gxf3 Re8 14. Bxc6 bxc6
15. Rb1 Qd7 16. Bf4 Qf5 17. Qc1 e5 18. dxe5 Bxe5 19. Bxe5 Qxf3 20. Rg1 Rxe5 21.
Qd1 Qf6 22. Rb7 Qxh4 23. Qd4 Re4 24. Qc5 Rc4 25. Qa5 Re8 26. Rg3 Ra4 27. Qc7
Qh1+ 28. Kd2 Rxa2+ 29. Kd3 Qd1# 0-1

[Event "Olomouc Chess Summer 2018 - GM"]
[Site "Olomouc (CZE)"]
[Date "2018.08.17"]
[Round "8.2"]
[White "Cernousek, Lukas"]
[Black "Brhel, Jan"]
[Result "1-0"]
[WhiteElo "2428"]
[BlackElo "2092"]
[PlyCount "65"]
[EventDate "2018.??.??"]

1. e4 e5 2. Nf3 d6 3. d4 exd4 4. Nxd4 Nf6 5. Nc3 Be7 6. g3 Bd7 7. Bg2 Nc6 8.
Nde2 O-O 9. h3 Re8 10. g4 Be6 11. Be3 b5 12. Qd2 Qb8 13. Nd5 Bxd5 14. exd5 Ne5
15. b3 Nfd7 16. g5 Nc5 17. f4 Ned7 18. Ng3 b4 19. a4 Nf8 20. h4 a5 21. O-O-O
Nfd7 22. Bd4 Bf8 23. Ba1 Qb6 24. h5 Nxb3+ 25. cxb3 Qe3 26. Qxe3 Rxe3 27. Ne4
Rxb3 28. Kc2 Re3 29. Rhe1 Rxe1 30. Rxe1 Nb6 31. Kb3 Nxd5 32. Nf6+ gxf6 33. Bxd5
1-0

[Event "Olomouc Chess Summer 2018 - GM"]
[Site "Olomouc (CZE)"]
[Date "2018.08.17"]
[Round "8.4"]
[White "Luch, Michal"]
[Black "Simacek, Pavel"]
[Result "1/2-1/2"]
[WhiteElo "2394"]
[BlackElo "2505"]
[PlyCount "24"]
[EventDate "2018.??.??"]

1. d4 Nf6 2. c4 c5 3. d5 e6 4. Nc3 exd5 5. cxd5 d6 6. e4 g6 7. h3 Bg7 8. Nf3
O-O 9. Bd3 Nh5 10. O-O Nd7 11. Bg5 Bf6 12. Be3 Ne5 1/2-1/2

[Event "Olomouc Chess Summer 2018 - GM"]
[Site "Olomouc (CZE)"]
[Date "2018.08.17"]
[Round "8.5"]
[White "Menezes, Christoph"]
[Black "Hrabusa, Matej"]
[Result "1/2-1/2"]
[WhiteElo "2415"]
[BlackElo "2392"]
[PlyCount "30"]
[EventDate "2018.??.??"]

1. c4 e6 2. Nc3 d5 3. d4 Bb4 4. a3 Bxc3+ 5. bxc3 c6 6. e3 Nf6 7. a4 Qa5 8. Qc2
O-O 9. cxd5 cxd5 10. Bd3 Nc6 11. Nf3 Qc7 12. Ba3 Re8 13. c4 Qa5+ 14. Qd2 dxc4
15. Bxc4 Qxa4 1/2-1/2

[Event "Olomouc Chess Summer 2018 - GM"]
[Site "Olomouc (CZE)"]
[Date "2018.08.18"]
[Round "9.2"]
[White "Simacek, Pavel"]
[Black "Menezes, Christoph"]
[Result "1/2-1/2"]
[WhiteElo "2505"]
[BlackElo "2415"]
[PlyCount "121"]
[EventDate "2018.??.??"]

1. e4 e5 2. Nf3 Nc6 3. Bc4 Bc5 4. c3 Nf6 5. d3 O-O 6. Nbd2 d5 7. exd5 Nxd5 8.
Ne4 Be7 9. O-O Bg4 10. h3 Bh5 11. Re1 Nb6 12. Bb5 Bd6 13. Ng3 Bg6 14. Bxc6 bxc6
15. Nxe5 Bxe5 16. Rxe5 Qxd3 17. Qxd3 Bxd3 18. Be3 a5 19. Bd4 a4 20. Rc5 Bb5 21.
c4 Bxc4 22. Rxc6 Be6 23. Nh5 Rfd8 24. Bc3 Bd7 25. Rc5 f6 26. Re1 Kf7 27. Rxc7
Nd5 28. Rc5 Nxc3 29. Rxc3 Rac8 30. Rce3 Re8 31. Nf4 Rxe3 32. Rxe3 Rc1+ 33. Kh2
g5 34. Nd5 Be6 35. Nb4 Rd1 36. Re2 Ra1 37. a3 Rd1 38. f3 Bc4 39. Rf2 Ke6 40.
Kg3 h5 41. f4 Rd4 42. fxg5 fxg5 43. Kf3 Rf4+ 44. Ke3 Rxf2 45. Kxf2 Ke5 46. Ke3
Bf1 47. Nd3+ Kf5 48. Ne1 h4 49. Kf2 Bc4 50. g3 hxg3+ 51. Kxg3 Ke4 52. Nf3 Kd3
53. Ne5+ Kd4 54. Nf3+ Kd3 55. Ne5+ Kd4 56. Nxc4 Kxc4 57. Kg4 Kb3 58. Kxg5 Kxb2
59. h4 Kxa3 60. h5 Kb2 61. h6 1/2-1/2

[Event "Olomouc Chess Summer 2018 - GM"]
[Site "Olomouc (CZE)"]
[Date "2018.08.18"]
[Round "9.3"]
[White "Petr, Martin"]
[Black "Luch, Michal"]
[Result "1-0"]
[WhiteElo "2435"]
[BlackElo "2394"]
[PlyCount "105"]
[EventDate "2018.??.??"]

1. e4 c5 2. c3 d5 3. exd5 Qxd5 4. d4 Nc6 5. Nf3 Bf5 6. Be3 Nf6 7. Na3 cxd4 8.
Bc4 Qd7 9. Nxd4 Nxd4 10. Bxd4 a6 11. Qe2 e6 12. Rd1 Qc6 13. Bxf6 gxf6 14. Bd5
Qc7 15. Nc4 O-O-O 16. Ne3 Bg6 17. Bf3 Rxd1+ 18. Qxd1 Bc5 19. O-O Rd8 20. Qb3
Qb6 21. Qxb6 Bxb6 22. Rd1 Rxd1+ 23. Bxd1 Bd3 24. Ng4 Bd8 25. Nh6 Be7 26. Ng8
Bd8 27. Bf3 Bg6 28. g4 Kd7 29. Bxb7 Ke8 30. f4 Bd3 31. Kf2 Kf8 32. Ke3 Bb1 33.
Bxa6 Kxg8 34. a4 Bb6+ 35. Kd2 Kf8 36. b4 Ke7 37. Bd3 Bxd3 38. Kxd3 Kd6 39. c4
Bg1 40. h3 e5 41. Ke4 Bd4 42. a5 Kc7 43. a6 Kb8 44. b5 h6 45. Kd5 Bc3 46. fxe5
fxe5 47. b6 Bd4 48. c5 f6 49. Kc4 Bf2 50. a7+ Ka8 51. Kb5 e4 52. Ka6 Bxc5 53.
b7# 1-0

[Event "Olomouc Chess Summer 2018 - GM"]
[Site "Olomouc (CZE)"]
[Date "2018.08.18"]
[Round "9.4"]
[White "Brhel, Jan"]
[Black "Neuman, Petr"]
[Result "0-1"]
[WhiteElo "2092"]
[BlackElo "2446"]
[PlyCount "66"]
[EventDate "2018.??.??"]

1. d4 Nf6 2. c4 e6 3. Nc3 Bb4 4. Qc2 O-O 5. e4 c5 6. d5 exd5 7. exd5 Re8+ 8.
Be2 b5 9. Be3 d6 10. h3 bxc4 11. Bf3 Nbd7 12. Rd1 Ne5 13. Nge2 Nxf3+ 14. gxf3
Nh5 15. Kf1 Qf6 16. Kg2 Bf5 17. Qc1 Rab8 18. h4 Bd3 19. Nf4 Nxf4+ 20. Bxf4 h6
21. Bg3 Ba5 22. Rde1 Red8 23. h5 Rd7 24. Rh4 Rdb7 25. Ne4 Qxb2 26. Nxd6 Bxe1
27. Qxe1 Qb1 28. Qxb1 Rxb1 29. Nxc4 R8b4 30. Ne5 Bf1+ 31. Kh2 Rxh4+ 32. Bxh4
Rd1 33. Nc6 c4 0-1

[Event "Olomouc Chess Summer 2018 - IM 1"]
[Site "Olomouc (CZE)"]
[Date "2018.08.11"]
[Round "1.1"]
[White "Kavcic, Zan"]
[Black "Petrova, Kristyna"]
[Result "1-0"]
[WhiteElo "2349"]
[BlackElo "2244"]
[PlyCount "79"]
[EventDate "2018.??.??"]

1. e4 c5 2. Nf3 e6 3. d4 cxd4 4. Nxd4 Nc6 5. Nc3 Qc7 6. Be3 a6 7. Qf3 Bd6 8.
O-O-O Be5 9. g3 Nge7 10. Qe2 b5 11. Bg2 O-O 12. f4 Bxd4 13. Bxd4 Nxd4 14. Rxd4
Nc6 15. Rd2 b4 16. Na4 f6 17. Rhd1 Qa5 18. b3 Rb8 19. Bf1 Na7 20. Qe3 Nb5 21.
Qc5 Rb7 22. Rd4 Qd8 23. Rxb4 d6 24. Qe3 Qa5 25. Qd2 Bd7 26. Rd4 Qc7 27. Bxb5
Bxb5 28. Nb2 Bc6 29. Rxd6 Bxe4 30. Rxe6 Bf3 31. Rde1 a5 32. Qe3 Bg4 33. Re8 Rb8
34. Rxf8+ Kxf8 35. Qe4 g6 36. Qd4 Kg7 37. Nc4 Rd8 38. Qb6 Qd7 39. Qxa5 Qd4 40.
Kb1 1-0

[Event "Olomouc Chess Summer 2018 - IM 1"]
[Site "Olomouc (CZE)"]
[Date "2018.08.11"]
[Round "1.2"]
[White "Steiner, Bruno"]
[Black "Michenka, Jozef"]
[Result "1/2-1/2"]
[WhiteElo "2155"]
[BlackElo "2323"]
[PlyCount "37"]
[EventDate "2018.??.??"]

1. d4 Nf6 2. Nf3 e6 3. e3 b6 4. Bd3 Bb7 5. O-O Be7 6. b3 O-O 7. c4 c5 8. Bb2
cxd4 9. Nxd4 d5 10. cxd5 Qxd5 11. f3 Rd8 12. Qe2 Nc6 13. Rd1 Nxd4 14. Bxd4 e5
15. Bb2 e4 16. fxe4 Nxe4 17. Na3 Bxa3 18. Bxe4 Qxe4 19. Bxa3 1/2-1/2

[Event "Olomouc Chess Summer 2018 - IM 1"]
[Site "Olomouc (CZE)"]
[Date "2018.08.11"]
[Round "1.3"]
[White "Jedlicka, Ales"]
[Black "Plischki, Sebastian"]
[Result "0-1"]
[WhiteElo "2253"]
[BlackElo "2407"]
[PlyCount "80"]
[EventDate "2018.??.??"]

1. d4 Nf6 2. c4 e6 3. Nf3 c5 4. d5 d6 5. Nc3 g6 6. e4 Bg7 7. h3 O-O 8. Bd3 Na6
9. O-O Nc7 10. a4 e5 11. Rb1 Na6 12. Na2 Ne8 13. b4 cxb4 14. Nxb4 Nc5 15. Bc2
f5 16. exf5 gxf5 17. Ng5 h6 18. Ne6 Nxe6 19. dxe6 Bxe6 20. Nd5 Rf7 21. Qh5 Rc8
22. Bd3 Nf6 23. Qg6 Bxd5 24. cxd5 e4 25. Be2 Nxd5 26. Bxh6 Qf6 27. Qxf6 Bxf6
28. Bd1 Nc3 29. Rb3 d5 30. g4 Bg7 31. Bxg7 Kxg7 32. gxf5 Kf6 33. Bg4 d4 34. Kg2
b6 35. Kg3 Rc4 36. a5 b5 37. Kf4 Re7 38. h4 b4 39. h5 Nd5+ 40. Kg3 Rc3+ 0-1

[Event "Olomouc Chess Summer 2018 - IM 1"]
[Site "Olomouc (CZE)"]
[Date "2018.08.11"]
[Round "1.4"]
[White "Vokoun, Jan"]
[Black "Camarena Gimenez, Rufino"]
[Result "0-1"]
[WhiteElo "2129"]
[BlackElo "2333"]
[PlyCount "76"]
[EventDate "2018.??.??"]

1. d4 Nf6 2. Nf3 g6 3. c3 Bg7 4. Bg5 b6 5. e3 Ne4 6. Bh4 Bb7 7. Be2 O-O 8. Nbd2
Nxd2 9. Qxd2 c5 10. d5 d6 11. O-O Na6 12. e4 Nc7 13. a4 Qd7 14. Rfe1 e6 15. c4
exd5 16. exd5 Rfe8 17. Bg3 Na6 18. Rab1 Qxa4 19. Bxd6 Rad8 20. Bf4 Nb4 21. Ra1
Qb3 22. Rxa7 Ba6 23. Bc7 Ra8 24. Rxa8 Rxa8 25. Qf4 Re8 26. Be5 Qc2 27. Bxg7
Kxg7 28. d6 Rxe2 29. Rc1 Qe4 30. Qg5 Qd3 31. h4 Qxd6 32. h5 h6 33. Qg4 Qe6 34.
Qg3 Nd3 35. Ra1 Bxc4 36. Nh4 Re1+ 37. Rxe1 Qxe1+ 38. Kh2 Qe5 0-1

[Event "Olomouc Chess Summer 2018 - IM 1"]
[Site "Olomouc (CZE)"]
[Date "2018.08.11"]
[Round "1.5"]
[White "Ajay Krishna, S."]
[Black "Zlatin, Alexander"]
[Result "1-0"]
[WhiteElo "2200"]
[BlackElo "2193"]
[PlyCount "83"]
[EventDate "2018.??.??"]

1. e3 Nf6 2. c4 e6 3. Nf3 d5 4. d4 Be7 5. Bd3 O-O 6. O-O b6 7. cxd5 exd5 8. b3
Bb7 9. Bb2 Nbd7 10. Nc3 c5 11. Rc1 Ne4 12. Qe2 Ndf6 13. Rfd1 Qc8 14. Ne5 Qe6
15. Nxe4 dxe4 16. Bc4 Bd5 17. dxc5 Bxc4 18. Qxc4 Qxc4 19. Nxc4 Bxc5 20. Bxf6
gxf6 21. Rd7 Rfd8 22. Rcd1 Rxd7 23. Rxd7 a5 24. g4 a4 25. b4 Bxb4 26. Nxb6 Ra6
27. Nd5 Bf8 28. Nc3 a3 29. Nxe4 Rc6 30. Rd8 Kg7 31. Kg2 Rc2 32. Rd2 Rc4 33. Kf3
Kg6 34. Rd8 Kg7 35. Ng3 Rc2 36. h4 Rxa2 37. Nf5+ Kg8 38. h5 Rc2 39. Ne7+ Kg7
40. h6+ Kxh6 41. Rxf8 f5 42. Rg8 1-0

[Event "Olomouc Chess Summer 2018 - IM 1"]
[Site "Olomouc (CZE)"]
[Date "2018.08.12"]
[Round "2.1"]
[White "Petrova, Kristyna"]
[Black "Zlatin, Alexander"]
[Result "1/2-1/2"]
[WhiteElo "2244"]
[BlackElo "2193"]
[PlyCount "86"]
[EventDate "2018.??.??"]

1. e4 e5 2. Nf3 Nc6 3. Bb5 a6 4. Ba4 Nf6 5. O-O b5 6. Bb3 Bc5 7. a4 Rb8 8. c3
d6 9. d4 Bb6 10. axb5 axb5 11. Qd3 O-O 12. Bg5 h6 13. Bh4 g5 14. Bg3 Nh5 15.
dxe5 Nxg3 16. hxg3 Nxe5 17. Nxe5 dxe5 18. Qe2 Qf6 19. Na3 c6 20. Nc2 Kg7 21.
Ne3 Rh8 22. Qf3 Qxf3 23. gxf3 h5 24. Kg2 Bc5 25. Rac1 Rd8 26. Rfd1 Rxd1 27.
Nxd1 h4 28. Ne3 Rb7 29. Rc2 Kf6 30. Rd2 b4 31. Bc4 bxc3 32. bxc3 Rb8 33. Ng4+
Bxg4 34. fxg4 hxg3 35. Kxg3 Ke7 36. Ba2 f6 37. Kg2 Ba3 38. Kf1 Bc1 39. Rc2 Bf4
40. Ke2 Rh8 41. Kd3 Rh2 42. Bb3 Rg2 43. Kc4 Kd6 1/2-1/2

[Event "Olomouc Chess Summer 2018 - IM 1"]
[Site "Olomouc (CZE)"]
[Date "2018.08.12"]
[Round "2.2"]
[White "Camarena Gimenez, Rufino"]
[Black "Ajay Krishna, S."]
[Result "0-1"]
[WhiteElo "2333"]
[BlackElo "2200"]
[PlyCount "54"]
[EventDate "2018.??.??"]

1. d4 Nf6 2. c4 c5 3. Nf3 cxd4 4. Nxd4 e5 5. Nb5 d6 6. Bg5 a6 7. Bxf6 gxf6 8.
N5c3 f5 9. e3 Be6 10. Nd5 Nc6 11. Nbc3 Bg7 12. Be2 O-O 13. O-O Kh8 14. Qb3 Rb8
15. Qb6 Qh4 16. g3 Qh6 17. Rfd1 Rg8 18. Rd2 f4 19. Rad1 fxe3 20. Qxe3 Nd4 21.
f4 b5 22. Rf1 bxc4 23. Bxc4 Rbe8 24. b3 Bh3 25. Qf2 Bxf1 26. Qxf1 exf4 27. Rd1
fxg3 0-1

[Event "Olomouc Chess Summer 2018 - IM 1"]
[Site "Olomouc (CZE)"]
[Date "2018.08.12"]
[Round "2.3"]
[White "Plischki, Sebastian"]
[Black "Vokoun, Jan"]
[Result "1-0"]
[WhiteElo "2407"]
[BlackElo "2129"]
[PlyCount "75"]
[EventDate "2018.??.??"]

1. c4 b6 2. Nc3 Bb7 3. e4 c5 4. Nge2 d6 5. d4 cxd4 6. Nxd4 Nf6 7. f3 e6 8. Be2
Be7 9. O-O O-O 10. Be3 Nbd7 11. Qd2 a6 12. Rfc1 Rc8 13. a4 Ne5 14. b3 Qc7 15.
Kh1 Bd8 16. Nd1 Qb8 17. Nf2 Qa8 18. b4 Bc7 19. Nb3 Nc6 20. b5 Ne5 21. a5 Ned7
22. axb6 Nxb6 23. bxa6 Bc6 24. Nd4 Bd8 25. Nd3 Be8 26. Qb4 Nfd7 27. Nb5 Rc6 28.
Nxd6 Be7 29. c5 Nc8 30. Qb7 Qxb7 31. axb7 Nxd6 32. cxd6 Rxc1+ 33. Rxc1 Bxd6 34.
Rc8 f6 35. Nc5 Kf7 36. Nxd7 Bxd7 37. Rxf8+ Kxf8 38. Bc5 1-0

[Event "Olomouc Chess Summer 2018 - IM 1"]
[Site "Olomouc (CZE)"]
[Date "2018.08.12"]
[Round "2.4"]
[White "Michenka, Jozef"]
[Black "Jedlicka, Ales"]
[Result "0-1"]
[WhiteElo "2323"]
[BlackElo "2253"]
[PlyCount "100"]
[EventDate "2018.??.??"]

1. d4 Nf6 2. c4 g6 3. Nc3 Bg7 4. e4 d6 5. h3 O-O 6. Nf3 e5 7. d5 a5 8. Be3 Na6
9. Be2 Nd7 10. Nd2 Ndc5 11. O-O f5 12. exf5 gxf5 13. f4 e4 14. Nb3 b6 15. Nd4
Nb4 16. Qd2 Nbd3 17. Rab1 Bf6 18. Nc6 Qd7 19. Bd4 Qg7 20. Qe3 Bd7 21. Nb5 Kh8
22. Kh2 Nb4 23. Bxf6 Rxf6 24. Nxb4 axb4 25. Nxc7 Rxa2 26. Ra1 Rxa1 27. Rxa1 Rf8
28. Rb1 Rc8 29. Nb5 Bxb5 30. cxb5 Na4 31. Qb3 Rg8 32. Bf1 Nc5 33. Qe3 h5 34.
Kh1 h4 35. Qe1 Qh6 36. Qxb4 Qxf4 37. Qc3+ Qe5 38. Qc1 e3 39. b4 Ne4 40. Rb2 Qf4
41. Qd1 Nf2+ 42. Rxf2 Qxf2 43. Qh5+ Kg7 44. Qd1 Kh6 45. Qa1 e2 46. Qf6+ Rg6 47.
Qf8+ Kg5 48. Qe7+ Kf4 49. Qxe2 Qxe2 50. Bxe2 Ke3 0-1

[Event "Olomouc Chess Summer 2018 - IM 1"]
[Site "Olomouc (CZE)"]
[Date "2018.08.12"]
[Round "2.5"]
[White "Kavcic, Zan"]
[Black "Steiner, Bruno"]
[Result "1-0"]
[WhiteElo "2349"]
[BlackElo "2155"]
[PlyCount "115"]
[EventDate "2018.??.??"]

1. e4 e5 2. Nf3 Nc6 3. Bb5 a6 4. Bxc6 dxc6 5. O-O Bg4 6. h3 h5 7. d3 Qf6 8. Be3
Bxf3 9. Qxf3 Qxf3 10. gxf3 Bd6 11. Nd2 Ne7 12. Kh1 f6 13. Rg1 Kf7 14. Nc4 Ng6
15. Rg3 Nf4 16. Bxf4 exf4 17. Rgg1 Rhe8 18. Rgd1 b6 19. d4 Bf8 20. Rd3 Rad8 21.
Rad1 Rd7 22. Kg2 a5 23. a4 Bb4 24. c3 Bf8 25. Kf1 g6 26. R3d2 Ra8 27. b3 b5 28.
Nb2 Rb8 29. Ra1 Rdd8 30. axb5 Rxb5 31. Nc4 Rxb3 32. Rc2 a4 33. Nd2 Ra3 34. Rxa3
Bxa3 35. Ra2 Bd6 36. Rxa4 Rb8 37. Ke2 Ke6 38. Ra2 Rb5 39. c4 Rb7 40. c5 Be7 41.
Kd3 Rb8 42. Kc3 f5 43. Ra6 Kd7 44. Nc4 Rb1 45. Ne5+ Kc8 46. Rxc6 fxe4 47. fxe4
Rh1 48. Rxg6 Rxh3+ 49. Kc4 Kb7 50. Nd3 f3 51. d5 Rh4 52. Kd4 Rg4 53. Rh6 h4 54.
Rh7 Rg7 55. Rxg7 Bf6+ 56. Ke3 Bxg7 57. Kxf3 Bd4 58. Kg4 1-0

[Event "Olomouc Chess Summer 2018 - IM 1"]
[Site "Olomouc (CZE)"]
[Date "2018.08.12"]
[Round "3.1"]
[White "Steiner, Bruno"]
[Black "Petrova, Kristyna"]
[Result "0-1"]
[WhiteElo "2155"]
[BlackElo "2244"]
[PlyCount "112"]
[EventDate "2018.??.??"]

1. e3 Nf6 2. Nf3 g6 3. b3 Bg7 4. Bb2 c5 5. c4 Nc6 6. Be2 O-O 7. O-O b6 8. d4
cxd4 9. exd4 d5 10. Nc3 Bb7 11. Qd2 Ne4 12. Qe3 e6 13. Rfd1 Nxc3 14. Bxc3 Rc8
15. Rac1 dxc4 16. bxc4 Ne7 17. Bb4 Re8 18. Qa3 a5 19. Bc3 Bxf3 20. gxf3 Nf5 21.
Qb2 Bh6 22. Rb1 Qg5+ 23. Kh1 Qh4 24. Bf1 Bf4 25. h3 Bc7 26. Qd2 Red8 27. Re1
Bf4 28. Qe2 Nxd4 29. Qe4 e5 30. Rxb6 Qxf2 31. Rb2 Qxf3+ 32. Qxf3 Nxf3 33. Reb1
Bd2 34. Rc2 Bxc3 35. Rxc3 Nd2 36. Re1 Nxf1 37. Rxf1 Rc5 38. Rf6 Rdc8 39. Ra6
Rxc4 40. Rxc4 Rxc4 41. Rxa5 Rc2 42. a4 Ra2 43. Ra7 Kg7 44. a5 Kf6 45. Kg1 g5
46. a6 h5 47. Kh1 e4 48. Kg1 Ke6 49. Ra8 Kf5 50. Rf8 f6 51. Rh8 h4 52. Ra8 Kf4
53. a7 f5 54. Kf1 Kf3 55. Ke1 e3 56. Kd1 e2+ 0-1

[Event "Olomouc Chess Summer 2018 - IM 1"]
[Site "Olomouc (CZE)"]
[Date "2018.08.12"]
[Round "3.2"]
[White "Jedlicka, Ales"]
[Black "Kavcic, Zan"]
[Result "1/2-1/2"]
[WhiteElo "2253"]
[BlackElo "2349"]
[PlyCount "42"]
[EventDate "2018.??.??"]

1. d4 Nf6 2. c4 g6 3. Nc3 d5 4. Bg5 Ne4 5. Bh4 Nxc3 6. bxc3 dxc4 7. e3 Be6 8.
Nf3 Bg7 9. Qb1 c5 10. Qxb7 Bd5 11. Qb5+ Nd7 12. Bxc4 Rb8 13. Qa4 Bxc4 14. Qxc4
cxd4 15. exd4 O-O 16. O-O Qa5 17. Qd3 Rfc8 18. Rfc1 e5 19. Bg3 Rb2 20. Nxe5
Nxe5 21. dxe5 Bxe5 1/2-1/2

[Event "Olomouc Chess Summer 2018 - IM 1"]
[Site "Olomouc (CZE)"]
[Date "2018.08.12"]
[Round "3.3"]
[White "Vokoun, Jan"]
[Black "Michenka, Jozef"]
[Result "1/2-1/2"]
[WhiteElo "2129"]
[BlackElo "2323"]
[PlyCount "101"]
[EventDate "2018.??.??"]

1. d4 Nf6 2. Nf3 e6 3. Bg5 d5 4. e3 c5 5. c3 Qb6 6. Qb3 Ne4 7. Bf4 c4 8. Qc2
Bd6 9. Bxd6 Nxd6 10. Nbd2 Nd7 11. b3 cxb3 12. axb3 Qc7 13. c4 b6 14. Bd3 h6 15.
e4 dxe4 16. Nxe4 Bb7 17. O-O O-O 18. Rfe1 a5 19. Nxd6 Qxd6 20. Be4 Bxe4 21.
Qxe4 Rfd8 22. h3 Rac8 23. Red1 Nf6 24. Qe3 Qc6 25. Re1 Rc7 26. Ne5 Qd6 27. Red1
Rdc8 28. Qf3 Qe7 29. Re1 Qb4 30. g4 Qd6 31. Rad1 Re7 32. h4 Nh7 33. Kg2 Qc7 34.
Rd3 Ree8 35. Qe3 Qb7+ 36. f3 Qe7 37. Kg3 Qc7 38. Kh3 f6 39. Ng6 Qf7 40. h5 f5
41. Kg3 Rcd8 42. Qf4 Ng5 43. Re5 fxg4 44. fxg4 Qc7 45. Rde3 Qf7 46. Qxf7+ Kxf7
47. Rb5 Rxd4 48. Rxb6 Ne4+ 49. Kf3 Ng5+ 50. Kg3 Ne4+ 51. Kf3 1/2-1/2

[Event "Olomouc Chess Summer 2018 - IM 1"]
[Site "Olomouc (CZE)"]
[Date "2018.08.12"]
[Round "3.4"]
[White "Ajay Krishna, S."]
[Black "Plischki, Sebastian"]
[Result "1/2-1/2"]
[WhiteElo "2200"]
[BlackElo "2407"]
[PlyCount "77"]
[EventDate "2018.??.??"]

1. Nf3 Nf6 2. c4 c5 3. Nc3 e6 4. d4 cxd4 5. Nxd4 d5 6. e3 a6 7. Qa4+ Nbd7 8.
cxd5 exd5 9. Be2 Bc5 10. O-O O-O 11. Rd1 Re8 12. Nb3 Nb6 13. Qa5 Bd6 14. h3 Be6
15. Bf3 Rc8 16. Ne2 Bf5 17. Nbd4 Be4 18. Qe1 Bb8 19. Bd2 Nc4 20. Bc3 Qc7 21. g3
Ne5 22. Bg2 h5 23. h4 Ba7 24. Nf4 Qd7 25. Qe2 Bxg2 26. Kxg2 Bxd4 27. Rxd4 Qf5
28. Rad1 Rcd8 29. e4 Nxe4 30. Nxd5 Nc6 31. Ne7+ Rxe7 32. Rxd8+ Nxd8 33. Rxd8+
Kh7 34. f3 Ng5 35. Qxe7 Qxf3+ 36. Kg1 Nh3+ 37. Kh2 Qf2+ 38. Kxh3 Qf1+ 39. Kh2
1/2-1/2

[Event "Olomouc Chess Summer 2018 - IM 1"]
[Site "Olomouc (CZE)"]
[Date "2018.08.12"]
[Round "3.5"]
[White "Zlatin, Alexander"]
[Black "Camarena Gimenez, Rufino"]
[Result "1/2-1/2"]
[WhiteElo "2193"]
[BlackElo "2333"]
[PlyCount "65"]
[EventDate "2018.??.??"]

1. e4 e6 2. Qe2 c5 3. f4 Be7 4. Nf3 d5 5. d3 b6 6. g3 Nf6 7. e5 Ng8 8. Bg2 h5
9. h3 Nc6 10. Be3 Bb7 11. O-O Nh6 12. c4 Nf5 13. Bf2 Ncd4 14. Nxd4 cxd4 15. Nd2
g5 16. cxd5 gxf4 17. dxe6 Bxg2 18. exf7+ Kxf7 19. Kxg2 Ke6 20. Qe4 Rc8 21. g4
hxg4 22. hxg4 Nh6 23. Qg6+ Kd5 24. Rac1 Bc5 25. Ne4 Nxg4 26. Qf7+ Kc6 27. Rxc5+
bxc5 28. Qe6+ Kc7 29. Rc1 Qg8 30. Rxc5+ Kb8 31. Qd6+ Ka8 32. Rxc8+ Qxc8 33.
Qd5+ 1/2-1/2

[Event "Olomouc Chess Summer 2018 - IM 1"]
[Site "Olomouc (CZE)"]
[Date "2018.08.13"]
[Round "4.1"]
[White "Petrova, Kristyna"]
[Black "Camarena Gimenez, Rufino"]
[Result "1-0"]
[WhiteElo "2244"]
[BlackElo "2333"]
[PlyCount "111"]
[EventDate "2018.??.??"]

1. e4 e6 2. d4 d5 3. Nc3 dxe4 4. Nxe4 Bd7 5. Nf3 Bc6 6. Bd3 Nd7 7. c3 Ngf6 8.
Nxf6+ Nxf6 9. Bf4 Bxf3 10. Qxf3 c6 11. O-O Qd5 12. Qe2 Qh5 13. Qc2 Rd8 14. Rae1
Bd6 15. Bxd6 Rxd6 16. Qb3 Rd7 17. Qa3 a6 18. f4 Qd5 19. f5 Qd6 20. fxe6 fxe6
21. Qxd6 Rxd6 22. Re5 Ke7 23. Rg5 g6 24. h4 Rf8 25. Kh2 Rdd8 26. Rf3 Nh5 27.
Be4 Nf6 28. Bd3 Nh5 29. Be4 Nf6 30. Bc2 Nh5 31. Bd1 Nf4 32. Re5 Nd5 33. Rxf8
Rxf8 34. Bf3 Nb6 35. Kg3 Kd6 36. Re2 Nc4 37. b3 Nb6 38. c4 Kd7 39. Bg4 Rf6 40.
a4 Ke7 41. a5 Nd7 42. b4 Kd6 43. Bf3 Rf5 44. Bg4 Rf6 45. Re4 h6 46. Re3 g5 47.
hxg5 hxg5 48. Re1 Rh6 49. Bh3 Nf8 50. Re5 Nh7 51. Bg4 Rf6 52. b5 c5 53. Rxc5
Rf4 54. Rxg5 Rxd4 55. c5+ Kc7 56. Rg7+ 1-0

[Event "Olomouc Chess Summer 2018 - IM 1"]
[Site "Olomouc (CZE)"]
[Date "2018.08.13"]
[Round "4.2"]
[White "Plischki, Sebastian"]
[Black "Zlatin, Alexander"]
[Result "1/2-1/2"]
[WhiteElo "2407"]
[BlackElo "2193"]
[PlyCount "93"]
[EventDate "2018.??.??"]

1. d4 Nf6 2. c4 e6 3. Nf3 d5 4. Nc3 Be7 5. Bg5 O-O 6. e3 b6 7. Rc1 Bb7 8. Bd3
Nbd7 9. cxd5 exd5 10. O-O c5 11. Bf5 Re8 12. b3 Ne4 13. Bxe7 Qxe7 14. dxc5 Nxc3
15. Rxc3 Nxc5 16. Nd4 Ne4 17. Bxe4 dxe4 18. Qg4 Rac8 19. Rxc8 Bxc8 20. Qf4 Qe5
21. Qxe5 Rxe5 22. Rc1 Rc5 23. Rxc5 bxc5 24. Nc6 Bd7 25. Na5 Bb5 26. h4 h6 27.
Kh2 g5 28. hxg5 hxg5 29. Kg3 Kg7 30. f3 exf3 31. gxf3 Kf6 32. f4 Bd3 33. Nb7 c4
34. Nc5 cxb3 35. axb3 gxf4+ 36. Kxf4 Bb5 37. b4 Bc6 38. e4 Bb5 39. e5+ Ke7 40.
Nb3 f6 41. Nd4 fxe5+ 42. Kxe5 Ba4 43. Kd5 Kd7 44. Kc5 Kc7 45. b5 Bxb5 46. Nxb5+
Kd7 47. Nxa7 1/2-1/2

[Event "Olomouc Chess Summer 2018 - IM 1"]
[Site "Olomouc (CZE)"]
[Date "2018.08.13"]
[Round "4.3"]
[White "Michenka, Jozef"]
[Black "Ajay Krishna, S."]
[Result "0-1"]
[WhiteElo "2323"]
[BlackElo "2200"]
[PlyCount "54"]
[EventDate "2018.??.??"]

1. d4 Nf6 2. c4 c5 3. e3 e6 4. Nf3 Be7 5. Nc3 O-O 6. Be2 cxd4 7. exd4 d5 8. O-O
dxc4 9. Bxc4 b6 10. d5 Qc7 11. Qb3 exd5 12. Nxd5 Nxd5 13. Bxd5 Bb7 14. Bf4 Bxd5
15. Qxd5 Qc6 16. Qb3 Qb7 17. Rac1 Na6 18. Be5 Rfe8 19. Rfd1 Nc5 20. Qc4 Rad8
21. h4 h6 22. b4 Ne6 23. a4 Bf8 24. Rxd8 Rxd8 25. Bc3 Rc8 26. Qb3 Qe4 27. Rb1
Rxc3 0-1

[Event "Olomouc Chess Summer 2018 - IM 1"]
[Site "Olomouc (CZE)"]
[Date "2018.08.13"]
[Round "4.4"]
[White "Kavcic, Zan"]
[Black "Vokoun, Jan"]
[Result "1-0"]
[WhiteElo "2349"]
[BlackElo "2129"]
[PlyCount "115"]
[EventDate "2018.??.??"]

1. e4 e5 2. Nf3 Nc6 3. Bb5 g6 4. d4 exd4 5. Bg5 Be7 6. Bxe7 Qxe7 7. O-O Qb4 8.
Bxc6 dxc6 9. Qxd4 Qxd4 10. Nxd4 Bd7 11. Nc3 O-O-O 12. Rad1 Ne7 13. Rd2 c5 14.
Nde2 Be6 15. Rfd1 Rxd2 16. Rxd2 Re8 17. f4 b6 18. Kf2 Nc6 19. a3 Na5 20. b3 Bd7
21. e5 Bc6 22. Nd5 h6 23. Nf6 Re6 24. h4 h5 25. Ng1 Nb7 26. Nh3 a5 27. Ng5 Re7
28. Ng8 Re8 29. Nh6 Nd8 30. Nhxf7 Nxf7 31. Nxf7 a4 32. bxa4 Bxa4 33. g3 Bd7 34.
Ke3 Rf8 35. Ng5 Bf5 36. Re2 Kd7 37. Kd2 Ra8 38. Re3 b5 39. Kc1 Kc6 40. e6 Re8
41. Nf7 Bxe6 42. Ne5+ Kd6 43. Nxg6 b4 44. Kb2 Ra8 45. Rd3+ Kc6 46. axb4 cxb4
47. f5 Ba2 48. f6 Kb5 49. Rb3 c5 50. f7 c4 51. f8=Q c3+ 52. Kc1 Rxf8 53. Nxf8
Bxb3 54. cxb3 Kc5 55. Ne6+ Kd5 56. Nf4+ Ke4 57. Nxh5 Kf5 58. Nf4 1-0